საქართველოს მართლმადიდებელი ეკლესიის ენციკლოპედიური ლექსიკონი = The Dictionary of Georgian Orthodox Church = Энциклопедический словарь Грузинской Православной Церкви / (ბიბ.ჩანაწერი № 34467)
[ მარტივი ფორმატი ]
| 000 -ლიდერი | |
|---|---|
| ფიქსირებული სიგრძის საკონტროლო ველი | 02300nam a2200313Ia 4500 |
| 001 - საკონტროლო ნომერი | |
| საკონტროლო ველი | 216 |
| 003 - საკონტროლო ნომრის იდენტიფიკატორი | |
| საკონტროლო ველი | GE_BSU |
| 005 - ბოლო ოპერაციის თარიღი და დრო | |
| საკონტროლო ველი | 20200312143836.0 |
| 008 - ფიქსირებული სიგრძის მონაცემთა ელემენტები - ზოგადი ინფორმაცია | |
| ფიქსირებული სიგრძის საკონტროლო ველი | 181216s2007||||ge |||||||||||||| ||geo|| |
| 020 ## - წიგნის საერთაშორისო სტანდარტული ნომერი | |
| International Standard Book Number | 9789994069477 |
| 040 ## - კატალოგიზაციის წყარო | |
| Transcribing agency | GE_BSU |
| 041 ## - ენის კოდი | |
| Language code of text/sound track or separate title | geo |
| 080 ## - უნივერსალური ათობითი კლასიფიკაციის ინდექსი | |
| Universal Decimal Classification number | 271.222(479.22)(038) გ–12 |
| 100 ## - მთავარი ჩანაწერი - პიროვნების სახელი | |
| Personal name | გაბიძაშვილი, ენრიკო |
| 9 (RLIN) | 5678 |
| 245 ## - ცნობა სათაურის შესახებ | |
| Title | საქართველოს მართლმადიდებელი ეკლესიის ენციკლოპედიური ლექსიკონი = The Dictionary of Georgian Orthodox Church = Энциклопедический словарь Грузинской Православной Церкви / |
| Statement of responsibility, etc | საქ. საპატრიარქო, ხელნაწერთა ინ-ტი] ; ავტ.-შემდგ.: ენრიკო გაბიძაშვილი (ხელმძღვ.), მაია მამაცაშვილი, ანა ღამბაშიძე ; [რედ.: ენრიკო გაბიძაშვილი, ექვთიმე კოჭლამაზაშვილი ; დაიბეჭდა ...საქ. კათოლიკოს-პატრიარქის ილია II ლოცვა-კურთხევით]. |
| 264 ## - წარმოების, გამოცემის, დისტრიბუციის და სხვა ცნობები | |
| გამოცემის, წარმოების, დისტრიბუციის... ადგილი | თბილისი, |
| გამოცემის, წარმოების, დისტრიბუციის... თარიღი | 2007. |
| 300 ## - ფიზიკური აღწერა | |
| Extent | 1016 გვ. |
| Other physical details | 30 სმ. |
| 500 ## - ზოგადი შენიშვნა | |
| General note | დაიბეჭდა ...საქ. კათოლიკოს-პატრიარქის ილია II ლოცვა-კურთხევით |
| 653 ## - INDEX TERM--UNCONTROLLED | |
| Uncontrolled term | ლექსიკონი |
| 653 ## - INDEX TERM--UNCONTROLLED | |
| Uncontrolled term | მართლმადიდებლობა |
| 653 ## - INDEX TERM--UNCONTROLLED | |
| Uncontrolled term | ეკლესია |
| 653 ## - INDEX TERM--UNCONTROLLED | |
| Uncontrolled term | ქრისტიანობა |
| 700 ## - ADDED ENTRY--PERSONAL NAME | |
| Personal name | მამაცაშვილი მაია |
| Relator term | ავტორი |
| 9 (RLIN) | 7710 |
| 700 ## - ADDED ENTRY--PERSONAL NAME | |
| Personal name | ღამბაშიძე ანა |
| Relator term | ავტორი |
| 9 (RLIN) | 7711 |
| 700 ## - ADDED ENTRY--PERSONAL NAME | |
| Personal name | გაბიძაშვილი ენრიკო |
| Relator term | რედაქტორი |
| 9 (RLIN) | 5678 |
| 700 ## - ADDED ENTRY--PERSONAL NAME | |
| Personal name | კოჭლამაზაშვილი ექვთიმე |
| Relator term | რედაქტორი |
| 9 (RLIN) | 4799 |
| 710 ## - ADDED ENTRY--CORPORATE NAME | |
| Corporate name or jurisdiction name as entry element | საქ. საპატრიარქო, ხელნაწერთა ინ-ტი |
| 9 (RLIN) | 7712 |
| 942 ## - ADDED ENTRY ELEMENTS (KOHA) | |
| Koha item type | წიგნი |
| Source of classification or shelving scheme | |
| ჩამოწერის სტატუსი | დაკარგული ეგზემპლარის სტატუსი | კლასიფიკაციის წყარო ან თაროზე გაწყობის სქემა | დაზიანების სტატუსი | არ გაიცემა | მუდმივი მდებარეობა (დაცვის ადგილი) | ამჟამინდელი ადგილსამყოფელი | თაროზე განთავსების ადგილი | შეძენის თარიღი | ღირებულება, შესყიდვის ნორმალური ფასი | სრული შენახვის შიფრი | შტრიხკოდი | ბოლო ოპერაციის თარიღი | ეგზემპლარის მიმდევრობითი ნომერი (კეტერი?) | ფასის ძალაში შესვლის თარიღი | ეგზემპლარის სახეობა | საჯარო შენიშვნა |
|---|---|---|---|---|---|---|---|---|---|---|---|---|---|---|---|---|
| ბათუმის შოთა რუსთაველის სახელმწიფო უნივერსიტეტის მთავარი ბიბლიოთეკა | ბათუმის შოთა რუსთაველის სახელმწიფო უნივერსიტეტის მთავარი ბიბლიოთეკა | წიგნსაცავი | 2018-12-17 | 20.00 | 271.222(479.22)(038) გ–12 | 2244 | 2018-12-17 | 2244 | 2018-12-17 | წიგნი | 20 ლ. | |||||
| ბათუმის შოთა რუსთაველის სახელმწიფო უნივერსიტეტის მთავარი ბიბლიოთეკა | ბათუმის შოთა რუსთაველის სახელმწიფო უნივერსიტეტის მთავარი ბიბლიოთეკა | წიგნსაცავი | 2018-12-17 | 20.00 | 271.222(479.22)(038) გ–12 | 2245 | 2018-12-17 | 2245 | 2018-12-17 | წიგნი | 20 ლ. |
